|
|
|
|
| LEADER |
00000cam a2200000 i 4500 |
| 005 |
20120228145527.0 |
| 007 |
cr|||| |||| |
| 008 |
080609s2008 sp 000 0 spa d |
| 017 |
|
|
|a D.L.SE3071-08
|
| 020 |
|
|
|a 978-84-9849-254-5
|
| 035 |
|
|
|a 2748
|
| 040 |
|
|
|a UVA
|d BUS
|d vLex
|
| 080 |
|
|
|a 347.156:159.922.1-055.3(460)
|
| 090 |
|
|
|c 3047
|d 3047
|
| 100 |
1 |
|
|a Bustos Moreno, Yolanda B.
|
| 245 |
1 |
3 |
|a La transexualidad
|h [Recurso electrn̤ico] :
|b (de acuerdo a la Ley 3-2007, de 15 de marzo) /
|c Yolanda B. Bustos Moreno.
|
| 256 |
|
|
|a Servicio en ln̕ea
|
| 260 |
|
|
|a Madrid :
|b Dykinson,
|c D.L. 2008.
|
| 300 |
|
|
|a 1 recurso electrn̤ico
|
| 500 |
|
|
|a La transexualidad, en su consideracin̤ actual, constituye una realidad social y cientf̕ica perfectamente reconocida, presentando una amplitud y complejidad que requiere ser abarcada desde distintas disciplinas, como la mďica o la jurd̕ica. As,̕ comenzando por las dificultades en torno a su conceptuacin̤, al transexual le preocupa ser debidamente atendido en el proceso mďico de reasignacin̤ sexual, conseguir la rectificacin̤ registral de la mencin̤ del sexo y nombre originarias acorde a su sexo sentido ─salvaguardando al mx̀imo su privacidad─ y, tras ello, ejercer todos los derechos inherentes a su nueva condicin̤ sin sufrir ningn︢ tipo de discriminacin̤.
|
| 506 |
1 |
|
|a Contenido solo disponible en los productos indicados
|d vLex Global
|d vLex Global (Academic Edition, excluding Law Schools)
|d vLex Global (U.S. Academic Edition, Law Schools)
|d vLex Global (U.S. Academic Edition, excluding Law Schools)
|d vLex Global (Academic Edition, Law Schools)
|
| 650 |
0 |
4 |
|a Transexualismo
|x Derecho
|z Espaą.
|
| 740 |
0 |
|
|a vLex Libros (Servicio en ln̕ea)
|
| 856 |
4 |
0 |
|u http://vlex.com/source/transexualidad-ley-3-2007-2748
|z Acceso restringido
|
| 942 |
|
|
|c BOOK
|